समीरा गई बाजा़र / (Record no. 54863)

MARC details
000 -LEADER
fixed length control field 02306nam a22003137a 4500
005 - DATE AND TIME OF LATEST TRANSACTION
control field 20110808161721.0
010 ## - LCCN (DPL NO)
LC control number B-435968-972
020 ## - INTERNATIONAL STANDARD BOOK NUMBER
Terms of availability 20.00
International Standard Book Number 9788184790443
035 ## - SYSTEM CONTROL NUMBER
System control number B-435968-972
037 ## - SOURCE OF ACQUISITION
Source of stock number/acquisition ब्लयूबेरी बुक्स
082 ## - DEWEY DECIMAL CLASSIFICATION NUMBER
Classification number
100 ## - MAIN ENTRY--PERSONAL NAME
Personal name भारती जगन्नाथन
245 ## - TITLE STATEMENT
Title समीरा गई बाजा़र /
Statement of responsibility, etc भारती जगन्नाथन; प्रीति कृष्णमूर्ति द्वारा चित्रांकित; ऋतु सिंह द्वारा हिंदी अनुवाद
246 ## - VARYING FORM OF TITLE
Title proper/short title Sameera gai baazaar
Remainder of title by Bharti Jagannath
260 ## - PUBLICATION, DISTRIBUTION, ETC. (IMPRINT)
Place of publication, distribution, etc नई दिल्ली
Name of publisher, distributor, etc प्रथम बुक्स
Date of publication, distribution, etc 2009
270 ## - ADDRESS
City नई दिल्ली
Telephone number 011-65684113
Fax number
Electronic mail address www.prathambooks.org
300 ## - PHYSICAL DESCRIPTION
Extent 12पृ.;
Dimensions 22सेमी (अजिल्द)
Other physical details सचित्र
490 ## - SERIES STATEMENT
Series statement
-- 31937
500 ## - GENERAL NOTE
General note
700 ## - ADDED ENTRY--PERSONAL NAME
Personal name प्रीति कृष्णमूर्ति
9 (RLIN) 31257
700 ## - ADDED ENTRY--PERSONAL NAME
Personal name ऋतु सिंह
9 (RLIN) 31258
942 ## - ADDED ENTRY ELEMENTS (KOHA)
Source of classification or shelving scheme Dewey Decimal Classification
Item type Children Books
Call number suffix भारती
Classification part
Holdings
Withdrawn status Lost status Not for loan Collection code Home library Current library Date acquired Source of acquisition Cost, normal purchase price Full call number Barcode Copy number Cost, replacement price Koha item type
      Fiction Bawana Bawana 08/08/2011 ब्ल्यू बेरी/6364/25.3.2011/83/21.3.11/31.3.11 20.00 क भारती B-435970 1 20.00 Children Books
      Fiction Central Library Central Library 08/08/2011 ब्ल्यू बेरी/6364/25.3.2011/83/21.3.11/31.3.11 20.00 क भारती B-435968 1 20.00 Children Books
      Fiction Karol Bagh Karol Bagh 08/08/2011 ब्ल्यू बेरी/6364/25.3.2011/83/21.3.11/31.3.11 20.00 क भारती B-435971 1 20.00 Children Books
      Fiction Patel Nagar Patel Nagar 08/08/2011 ब्ल्यू बेरी/6364/25.3.2011/83/21.3.11/31.3.11 20.00 क भारती B-435969 1 20.00 Children Books
      Fiction Shahdara Branch Shahdara Branch 08/08/2011 ब्ल्यू बेरी/6364/25.3.2011/83/21.3.11/31.3.11 20.00 क भारती B-435972 1 20.00 Children Books

© Delhi Public Library
Hit Counter
free hit counter